ბათუმის შოთა რუსთაველის სახელმწიფო უნივერსიტეტის ბიბლიოთეკა

Курс математического анализа. ч.1 (ბიბ.ჩანაწერი № 48037)

000 -LEADER
fixed length control field 00373nam a2200133Ia 4500
001 - CONTROL NUMBER
control field 14917
003 - CONTROL NUMBER IDENTIFIER
control field GE_BSU
008 - FIXED-LENGTH DATA ELEMENTS--GENERAL INFORMATION
fixed length control field 181216s||||||||xx |||||||||||||| ||und||
040 ## - CATALOGING SOURCE
Transcribing agency GE_BSU
100 ## - MAIN ENTRY--PERSONAL NAME
Personal name Бермант,А.Ф.
245 ## - TITLE STATEMENT
Title Курс математического анализа. ч.1
653 ## - INDEX TERM--UNCONTROLLED
Uncontrolled term Курс математического анализа
942 ## - ADDED ENTRY ELEMENTS (KOHA)
Koha item type წიგნი

არაა ხელმისაწვდომი ეგზემპლარები.